Exploring Shakespeare: The Dynamic of Playmaking (Record no. 152615)

MARC details
000 -LEADER
fixed length control field 00674nam a22002297a 4500
003 - CONTROL NUMBER IDENTIFIER
control field dpl
005 - DATE AND TIME OF LATEST TRANSACTION
control field 20180702105339.0
008 - FIXED-LENGTH DATA ELEMENTS--GENERAL INFORMATION
fixed length control field 180608b xxu||||| |||| 00| 0 eng d
010 ## - LIBRARY OF CONGRESS CONTROL NUMBER
LC control number B-167166
020 ## - INTERNATIONAL STANDARD BOOK NUMBER
Terms of availability 400.00
International Standard Book Number 8125026630
035 ## - SYSTEM CONTROL NUMBER
System control number B-167166, B-167158
037 ## - SOURCE OF ACQUISITION
Source of stock number/acquisition BBPD/PUB
040 ## - CATALOGING SOURCE
Transcribing agency 0
082 ## - DEWEY DECIMAL CLASSIFICATION NUMBER
Classification number 882.08
100 ## - MAIN ENTRY--PERSONAL NAME
Personal name Viswanathan,s.
245 ## - TITLE STATEMENT
Title Exploring Shakespeare: The Dynamic of Playmaking
Statement of responsibility, etc S Vishwathan
260 ## - PUBLICATION, DISTRIBUTION, ETC. (IMPRINT)
Place of publication, distribution, etc New Delhi
Name of publisher, distributor, etc Orien Longman Pvt Ltd
Date of publication, distribution, etc 2005
270 ## - ADDRESS
Address 1/24 Asaf Ali Road
City New Delhi :
Postal code 110 002
300 ## - PHYSICAL DESCRIPTION
Extent xii, 286p.
440 ## - SERIES STATEMENT/ADDED ENTRY--TITLE
Title Exploring Shakespeare: The Dynamic of Playmaking
942 ## - ADDED ENTRY ELEMENTS (KOHA)
Institution code [OBSOLETE] dpl
Koha item type English Books
Call number prefix 882 / VIS
Source of classification or shelving scheme Dewey Decimal Classification
Holdings
Withdrawn status Lost status Source of classification or shelving scheme Damaged status Not for loan Collection code Home library Current library Date acquired Source of acquisition Cost, normal purchase price Total Checkouts Barcode Date last seen Cost, replacement price Price effective from Koha item type Full call number Copy number
    Dewey Decimal Classification     Non-fiction Patel Nagar Patel Nagar 02/07/2018 BPPD/Pub 400.00   B-167158 02/07/2018 400.00 02/07/2018 English Books 882.08 VIS 1
    Dewey Decimal Classification     Non-fiction Sarojini Nagar Sarojini Nagar 15/05/2019       B-167161 15/05/2019   15/05/2019 English Books 882.08 VIS  
    Dewey Decimal Classification     Non-fiction Shahdara Branch Shahdara Branch 08/06/2018 BPPD/PUB 400.00   B-167166 08/06/2018 400.00 08/06/2018 English Books    

© Delhi Public Library
Hit Counter
free hit counter